[Event "Brühl- Münster 2"]
[Site "?"]
[Date "2023.09.03"]
[Round "1.1"]
[White "Weidemann, Jakob"]
[Black "Loifenfeld, Jakov"]
[Result "1/2-1/2"]
[WhiteElo "2124"]
[BlackElo "2373"]
[PlyCount "87"]
[EventDate "2023.??.??"]
[WhiteTeam "SK Münster 2"]
[BlackTeam "Brühler SK"]

1. e4 c6 2. d4 d5 3. e5 Bf5 4. Nf3 e6 5. Be2 Nd7 6. O-O a6 7. Nbd2 h6 8. Nb3 c5 9. dxc5 Bxc5 10. Nxc5 Nxc5 11. Be3 Rc8 12. c4 Ne7 13. Rc1 dxc4 14. Qxd8+ Kxd8 15. Bxc4 Nd7 16. Rfd1 Be4 17. Nd2 Bd5 18. Bxd5 Rxc1 19. Rxc1 Nxd5 20. Nc4 Nxe3 21. Nd6 Ke7 22. fxe3 Rb8 23. Rc7 Kd8 24. Rxb7 Rxb7 25. Nxb7+ Kc7 26. Nd6 Nxe5 27. Ne8+ Kd7 28. Nxg7 Nd3 29. Nh5 Nxb2 30. Nf6+ Kd6 31. g4 Nd1 32. Ng8 Nxe3 33. Nxh6 Ke7 34. g5 a5 35. Ng8+ Kf8 36. Nf6 Kg7 37. Ne4 Kg6 38. Kf2 Nc4 39. Kf3 Kf5 40. h4 Ne5+ 41. Ke3 Ng4+ 42. Kf3 Nh2+ 43. Ke3 Ng4+ 44. Kf3 1/2-1/2

[Event "Brühl- Münster 2"]
[Site "?"]
[Date "2023.09.03"]
[Round "1.2"]
[White "Keller, Thomas"]
[Black "Junk, Phillip"]
[Result "1-0"]
[WhiteElo "2245"]
[BlackElo "2124"]
[PlyCount "101"]
[EventDate "2023.??.??"]
[WhiteTeam "Brühler SK"]
[BlackTeam "SK Münster 2"]

1. e4 c6 2. d4 d5 3. exd5 cxd5 4. c4 Nc6 5. Nc3 Nf6 6. Nf3 Bg4 7. cxd5 Nxd5 8. Qb3 Bxf3 9. gxf3 e6 10. Qxb7 Nxd4 11. Bb5+ Nxb5 12. Qc6+ Ke7 13. Qxb5 Qd7 14. Nxd5+ Qxd5 15. Qxd5 exd5 16. Be3 Kd7 17. O-O-O Kc6 18. Kb1 Be7 19. Rc1+ Kb7 20. Bd4 Bf6 21. Bxf6 gxf6 22. Rhd1 Rad8 23. Rc5 Rhg8 24. Rcxd5 Rxd5 25. Rxd5 Rg2 26. h4 Rxf2 27. Rf5 Rh2 28. h5 Kc7 29. a4 Rh4 30. Kc2 Rc4+ 31. Kd3 Rc6 32. b4 Kd7 33. Ra5 a6 34. Kd4 Re6 35. f4 Rb6 36. b5 axb5 37. axb5 f5 38. Ra7+ Kd8 39. Kc5 Rh6 40. Rxf7 Rxh5 41. Kc6 Rh1 42. b6 Rc1+ 43. Kd6 Kc8 44. Rxh7 Rb1 45. b7+ Kb8 46. Ke5 Rb5+ 47. Kf6 Ra5 48. Kg6 Rb5 49. Rf7 Rc5 50. Rxf5 Rc1 51. Rb5 1-0

[Event "Brühl- Münster 2"]
[Site "?"]
[Date "2023.09.03"]
[Round "1.3"]
[White "Schroeder, Lennart"]
[Black "Gramb, Marius"]
[Result "1/2-1/2"]
[WhiteElo "2034"]
[BlackElo "2219"]
[PlyCount "57"]
[EventDate "2023.??.??"]
[WhiteTeam "SK Münster 2"]
[BlackTeam "Brühler SK"]

1. Nf3 d5 2. g3 Nd7 3. d4 Nb6 4. Bg2 Bf5 5. Nbd2 e6 6. O-O Be7 7. c4 c6 8. b3 h6 9. Bb2 Nf6 10. Re1 Ne4 11. Nxe4 Bxe4 12. Nd2 Bxg2 13. Kxg2 f5 14. e4 fxe4 15. Qh5+ Kd7 16. f3 Bg5 17. Rad1 Bxd2 18. Rxd2 exf3+ 19. Qxf3 Qf6 20. Qg4 h5 21. Qh3 Raf8 22. Rde2 Rh6 23. c5 Nc8 24. Rxe6 Qf3+ 25. Kg1 Qf2+ 26. Kh1 Qf3+ 27. Kg1 Qf2+ 28. Kh1 Qf3+ 29. Kg1 1/2-1/2

[Event "Brühl- Münster 2"]
[Site "?"]
[Date "2023.09.03"]
[Round "1.4"]
[White "Spilles, Matthias"]
[Black "Virnyi, Julius"]
[Result "1/2-1/2"]
[WhiteElo "2105"]
[BlackElo "2110"]
[PlyCount "42"]
[EventDate "2023.??.??"]
[WhiteTeam "Brühler SK"]
[BlackTeam "SK Münster 2"]

1. e4 c5 2. Nf3 d6 3. Bc4 Nc6 4. O-O Nf6 5. Re1 e6 6. d3 a6 7. a4 Be7 8. Bb3 d5 9. e5 Nd7 10. c3 g5 11. h4 g4 12. Ng5 h6 13. Nxe6 fxe6 14. Qxg4 Ndxe5 15. Qh5+ Nf7 16. Nd2 Rg8 17. a5 e5 18. Ra4 c4 19. Nxc4 Bg4 20. Nd6+ Qxd6 21. Rxg4 Rxg4 1/2-1/2

[Event "Brühl- Münster 2"]
[Site "?"]
[Date "2023.09.03"]
[Round "1.5"]
[White "Boesel, Alexander"]
[Black "Schaefer, Juergen"]
[Result "0-1"]
[WhiteElo "2008"]
[BlackElo "2130"]
[PlyCount "60"]
[EventDate "2023.??.??"]
[WhiteTeam "SK Münster 2"]
[BlackTeam "Brühler SK"]

1. e4 g6 2. d4 Bg7 3. Nc3 d6 4. f4 Nf6 5. Be2 c5 6. Nf3 cxd4 7. Nxd4 Nc6 8. Be3 O-O 9. Nb3 Be6 10. O-O Na5 11. Nxa5 Qxa5 12. Bd4 Rac8 13. Bd3 Qb4 14. Nb5 a6 15. c3 Qa5 16. f5 axb5 17. fxe6 fxe6 18. Qb3 d5 19. exd5 Nxd5 20. Bxg7 Kxg7 21. Bxb5 Qb6+ 22. Kh1 Ne3 23. Rf3 Nxg2 24. c4 Nh4 25. Qc3+ Kg8 26. Qe3 Qd6 27. Rxf8+ Rxf8 28. Re1 Rf6 29. Qg3 Qd4 30. Qc3 Qe4+ 0-1

[Event "Brühl- Münster 2"]
[Site "?"]
[Date "2023.09.03"]
[Round "1.6"]
[White "Kubitza, Georg"]
[Black "Kubo, Thomas"]
[Result "1-0"]
[WhiteElo "1911"]
[BlackElo "2034"]
[PlyCount "41"]
[EventDate "2023.??.??"]
[WhiteTeam "Brühler SK"]
[BlackTeam "SK Münster 2"]

1. e4 c6 2. d4 d5 3. e5 Bf5 4. h4 h5 5. c4 e6 6. Nc3 Ne7 7. Bg5 Qb6 8. Qd2 Nd7 9. Nge2 dxc4 10. Ng3 Bd3 11. Bxd3 cxd3 12. Qxd3 O-O-O 13. Qc4 Qxb2 14. O-O Nb6 15. Qd3 Nbd5 16. Nce4 Nb4 17. Qf3 Nc2 18. Rab1 Qa3 19. Qxf7 Nxd4 20. Nd6+ Rxd6 21. Bxe7 1-0

[Event "Brühl- Münster 2"]
[Site "?"]
[Date "2023.09.03"]
[Round "1.7"]
[White "Kamp, Andreas"]
[Black "Guelsen, Taylan"]
[Result "1/2-1/2"]
[WhiteElo "1874"]
[BlackElo "2124"]
[PlyCount "96"]
[EventDate "2023.??.??"]
[WhiteTeam "SK Münster 2"]
[BlackTeam "Brühler SK"]

1. e4 e5 2. d4 exd4 3. Nf3 Nc6 4. Bc4 Nf6 5. e5 d5 6. Bb5 Ne4 7. Nxd4 Bc5 8. Be3 Bd7 9. Bxc6 bxc6 10. O-O O-O 11. f3 Ng5 12. f4 Ne4 13. Nd2 Bxd4 14. Bxd4 f5 15. b4 a5 16. a4 axb4 17. Nxe4 dxe4 18. Bc5 Re8 19. Bxb4 Be6 20. Qxd8 Rexd8 21. a5 Rd4 22. Bc3 Rc4 23. Ra3 Bd5 24. Kf2 Kf7 25. Ke3 Ke6 26. a6 Rc5 27. a7 Rb5 28. Rfa1 h6 29. h4 g6 30. Ra6 Rc5 31. R1a3 Rb5 32. R3a4 Rb7 33. Bd4 Kd7 34. c3 Rb3 35. Rb4 c5 36. e6+ Bxe6 37. Bxc5 Rxc3+ 38. Kd4 Rd3+ 39. Ke5 Rd5+ 40. Kf6 Rxc5 41. Rxe6 Rf8+ 42. Kxg6 Kxe6 43. Rb8 Rf6+ 44. Kg7 Rf7+ 45. Kxh6 Ra5 46. a8=Q Rxa8 47. Rxa8 c5 48. Kg6 Rd7 1/2-1/2

[Event "Brühl- Münster 2"]
[Site "?"]
[Date "2023.09.03"]
[Round "1.8"]
[White "Lahmann, Rudolf"]
[Black "Becker, Stefan"]
[Result "0-1"]
[WhiteElo "1957"]
[BlackElo "2072"]
[PlyCount "100"]
[EventDate "2023.??.??"]
[WhiteTeam "Brühler SK"]
[BlackTeam "SK Münster 2"]

1. d4 f5 2. c4 Nf6 3. Nc3 d6 4. Nf3 g6 5. g3 Bg7 6. Bg2 O-O 7. O-O c6 8. Rb1 a5 9. a3 Nbd7 10. d5 cxd5 11. cxd5 Nc5 12. b4 axb4 13. axb4 Nce4 14. Bb2 Nxc3 15. Bxc3 Bd7 16. Qb3 Qb6 17. Qb2 Rfc8 18. Ng5 Rc4 19. e3 Rxc3 20. Qxc3 Ne4 21. Qc2 Nxg5 22. Rfc1 Rc8 23. Qb3 Ne4 24. Rxc8+ Bxc8 25. Qc4 Bd7 26. Rc1 Nf6 27. Bf1 Ne8 28. Rc2 Kf7 29. Ra2 Nc7 30. Ra5 Na6 31. Ra3 Qxb4 32. Qxb4 Nxb4 33. Rb3 Nxd5 34. Rxb7 Be6 35. h4 Nf6 36. Ra7 Ng4 37. Bb5 Bd5 38. Rc7 Ne5 39. Rc8 Bf6 40. Rb8 Be4 41. Be8+ Kg7 42. Ba4 d5 43. Rd8 d4 44. exd4 Nf3+ 45. Kf1 Nxd4 46. Rd7 Bf3 47. Ke1 f4 48. Bd1 Bxd1 49. Kxd1 fxg3 50. fxg3 Nf5 0-1

[Event "Brackel 2- Bielefeld"]
[Site "?"]
[Date "2023.09.03"]
[Round "1.1"]
[White "Forchert, Martin"]
[Black "Korten, Lando"]
[Result "1-0"]
[WhiteElo "2313"]
[BlackElo "2153"]
[PlyCount "83"]
[EventDate "2023.??.??"]

1. e4 Nf6 2. e5 Nd5 3. d4 d6 4. c4 Nb6 5. exd6 cxd6 6. Nc3 g6 7. Nf3 Bg7 8. Be2 O-O 9. h3 Nc6 10. O-O e5 11. Bg5 f6 12. Be3 f5 13. dxe5 Nxe5 14. Rc1 f4 15. Bxb6 axb6 16. Qb3 Nd7 17. Rfd1 Nc5 18. Qb4 Bxc3 19. Qxc3 Rxa2 20. Nd4 Qf6 21. Bf3 Bd7 22. Qb4 Ra6 23. Rd2 Rd8 24. b3 Bf5 25. Nxf5 Qxf5 26. Rcd1 Qf6 27. Qb5 Qe7 28. b4 Na4 29. Qd5+ Kg7 30. Re2 Qf7 31. Qd4+ Kh6 32. Rde1 Rf8 33. Re6 Raa8 34. Rxd6 Rac8 35. Bd5 Qf5 36. Re7 Rce8 37. Qg7+ Kg5 38. Qxh7 Qb1+ 39. Kh2 f3 40. h4+ Kf4 41. Qh6+ Kg4 42. Qg5# 1-0

[Event "Brackel 2- Bielefeld"]
[Site "?"]
[Date "2023.09.03"]
[Round "1.2"]
[White "Garbuz, Vitaliy"]
[Black "Gruen, Gerd- Peter"]
[Result "1/2-1/2"]
[WhiteElo "2154"]
[BlackElo "2271"]
[PlyCount "99"]
[EventDate "2023.??.??"]

1. e4 e5 2. Nf3 Nc6 3. Nc3 Nf6 4. d4 exd4 5. Nd5 Nb4 6. Bc4 Nbxd5 7. exd5 Bb4+ 8. Kf1 Bc5 9. Qe1+ Be7 10. d6 cxd6 11. Nxd4 O-O 12. Nf5 Re8 13. Qc3 d5 14. Qg3 g6 15. Bd3 d6 16. Nxe7+ Qxe7 17. Bg5 Bf5 18. Qf3 Bxd3+ 19. Qxd3 Qe5 20. Be3 Ne4 21. Bd4 Qg5 22. Rd1 Nc5 23. Qf3 Re4 24. Bf6 Qf4 25. Rxd5 Qxf3 26. gxf3 Rf4 27. Rxd6 Rxf3 28. Bd4 Ne6 29. Be3 Rf5 30. Ke2 Nf4+ 31. Bxf4 Rxf4 32. Rd3 Rc8 33. c3 Re4+ 34. Re3 Rxe3+ 35. Kxe3 Rd8 36. c4 Kg7 37. Rc1 Kf6 38. Rc3 g5 39. Ra3 a6 40. Rb3 Rd7 41. Rb6+ Ke5 42. c5 Kd5 43. c6 bxc6 44. Rxa6 Rb7 45. b3 f5 46. Ra5+ c5 47. Ra6 Ke5 48. Rc6 Kd5 49. Rf6 Ke5 50. Rc6 1/2-1/2

[Event "Brackel 2- Bielefeld"]
[Site "?"]
[Date "2023.09.03"]
[Round "1.3"]
[White "Simon, Hans- Christian"]
[Black "Kracht, Raphael"]
[Result "1/2-1/2"]
[WhiteElo "2159"]
[BlackElo "2158"]
[PlyCount "42"]
[EventDate "2023.??.??"]

1. Nf3 d5 2. g3 Nf6 3. Bg2 e6 4. O-O Be7 5. d4 O-O 6. c4 dxc4 7. Qc2 a6 8. a4 Bd7 9. Ne5 Bc6 10. Nxc6 Nxc6 11. e3 Na5 12. Nd2 c5 13. dxc5 Rc8 14. b4 cxb3 15. Nxb3 Nxb3 16. Qxb3 Nd7 17. Qxb7 Nxc5 18. Qa7 Nb3 19. Rb1 Nxc1 20. Rfxc1 Rxc1+ 21. Rxc1 a5 1/2-1/2

[Event "Brackel 2- Bielefeld"]
[Site "?"]
[Date "2023.09.03"]
[Round "1.5"]
[White "Forchert, Niko"]
[Black "Gerlach, Felix"]
[Result "0-1"]
[WhiteElo "2146"]
[BlackElo "2093"]
[PlyCount "58"]
[EventDate "2023.??.??"]

1. d4 Nf6 2. Nf3 g6 3. Bf4 Bg7 4. Nbd2 c5 5. e3 d6 6. c3 O-O 7. dxc5 dxc5 8. Nc4 Nc6 9. Nce5 Qb6 10. Nxc6 bxc6 11. Qb3 Be6 12. Qa3 Nh5 13. Be5 f6 14. Bg3 Nxg3 15. hxg3 Rfb8 16. O-O-O a5 17. Nd2 f5 18. Rh4 a4 19. Bc4 Bd5 20. Be2 Bf6 21. Rh2 e5 22. e4 fxe4 23. c4 e3 24. cxd5 exd2+ 25. Kb1 e4 26. Rxd2 cxd5 27. Rh1 c4 28. Bg4 Ra5 29. Rc1 Bg5 0-1

[Event "Brackel 2- Bielefeld"]
[Site "?"]
[Date "2023.09.03"]
[Round "1.6"]
[White "Elier, Ali"]
[Black "Koehler, Justus"]
[Result "1-0"]
[WhiteElo "2187"]
[BlackElo "2029"]
[PlyCount "97"]
[EventDate "2023.??.??"]

1. e4 c5 2. d4 cxd4 3. c3 Nf6 4. e5 Nd5 5. Nf3 e6 6. cxd4 d6 7. a3 Bd7 8. Bd3 Bc6 9. O-O Nd7 10. Re1 dxe5 11. Nxe5 Nxe5 12. dxe5 Qc7 13. b4 a6 14. Bd2 Rd8 15. Qe2 Be7 16. Qg4 g6 17. Qg3 Rd7 18. Bh6 f5 19. Nd2 Kf7 20. Bxf5 Bf8 21. Bxf8 Rxf8 22. Bh3 Ne7 23. Nc4 Bd5 24. Ne3 Nf5 25. Bxf5 gxf5 26. Rad1 Qd8 27. Qf4 Kg7 28. h4 h6 29. Rd4 Bb3 30. Nxf5+ Rxf5 31. Qg3+ Kf7 32. Rxd7+ Qxd7 33. Qxb3 Qd4 34. Qg3 Qf4 35. Qxf4 Rxf4 36. Rc1 Rxh4 37. Rc7+ Kg6 38. Rxb7 a5 39. Rb5 axb4 40. Rxb4 Rh5 41. Re4 Rg5 42. a4 Kf5 43. f3 Rg7 44. a5 h5 45. a6 Ra7 46. Ra4 Kxe5 47. Kf2 h4 48. Ke3 Kf5 49. Ra5+ 1-0

[Event "Brackel 2- Bielefeld"]
[Site "?"]
[Date "2023.09.03"]
[Round "1.7"]
[White "Beilfuß, Wilfried"]
[Black "Seref, Erdogan"]
[Result "1/2-1/2"]
[WhiteElo "2113"]
[BlackElo "1950"]
[PlyCount "39"]
[EventDate "2023.??.??"]

1. Nf3 d5 2. g3 Nf6 3. Bg2 Bg4 4. h3 Bxf3 5. Bxf3 e6 6. c4 c6 7. Qb3 Qc8 8. d4 Bd6 9. Nc3 Nbd7 10. e4 dxe4 11. Nxe4 Nxe4 12. Bxe4 Nf6 13. Bg2 O-O 14. Bg5 Be7 15. O-O Rd8 16. Rad1 Rb8 17. Bf4 Bd6 18. Bg5 Be7 19. Bf4 Bd6 20. Bg5 1/2-1/2

[Event "Brackel 2- Bielefeld"]
[Site "?"]
[Date "2023.09.03"]
[Round "1.8"]
[White "Schaede, Maximilian"]
[Black "Roemhild, Marcus"]
[Result "1-0"]
[WhiteElo "1645"]
[BlackElo "2066"]
[PlyCount "115"]
[EventDate "2023.??.??"]

1. d4 Nf6 2. c4 g6 3. g3 Bg7 4. Bg2 O-O 5. Nf3 d6 6. O-O Nbd7 7. Nc3 c5 8. b3 Rb8 9. Bb2 a6 10. Qc2 cxd4 11. Nxd4 Nc5 12. e4 Ne6 13. Nxe6 Bxe6 14. Rad1 Qc7 15. Qe2 Bg4 16. f3 Be6 17. Nd5 Bxd5 18. cxd5 Nd7 19. Rc1 Qb6+ 20. Kh1 Bxb2 21. Qxb2 Ne5 22. Qd2 Rbc8 23. f4 Rxc1 24. Rxc1 Ng4 25. Bf3 Nf6 26. Rc4 Rb8 27. Qc2 h5 28. Rc7 Kf8 29. Kg2 Rd8 30. Qc3 Re8 31. h3 Kg8 32. e5 Nh7 33. Qc2 Nf8 34. Rc4 Rd8 35. e6 fxe6 36. dxe6 d5 37. Rc8 Rxc8 38. Qxc8 Qa5 39. Qc2 Kg7 40. Qb2+ Kg8 41. b4 Qc7 42. Bxd5 h4 43. Qd2 hxg3 44. Kxg3 b6 45. h4 Qd6 46. Qd3 Qxb4 47. f5 Kg7 48. Be4 a5 49. fxg6 Nxe6 50. Qf3 Qd6+ 51. Kg4 Nd8 52. h5 Qe6+ 53. Kg3 Qe5+ 54. Kg4 Qe6+ 55. Kh4 Qe5 56. h6+ Kxh6 57. Qf8+ Qg7 58. Qf4# 1-0

[Event "Letmathe- Dinslaken"]
[Site "?"]
[Date "2023.09.03"]
[Round "1.1"]
[White "Sonnenschein, Philipp"]
[Black "Haub, Thorsten"]
[Result "1/2-1/2"]
[WhiteElo "2182"]
[BlackElo "2393"]
[PlyCount "105"]
[EventDate "2023.??.??"]

1. e4 g6 2. d4 Bg7 3. Nc3 d6 4. f4 a6 5. Nf3 b5 6. Bd3 e6 7. e5 Nd7 8. Ne4 Nb6 9. Qe2 Ne7 10. Bd2 Bb7 11. O-O h5 12. Nfg5 Nf5 13. c3 Qd7 14. Ng3 Nxg3 15. hxg3 Qe7 16. exd6 cxd6 17. Bxb5+ axb5 18. Qxb5+ Qd7 19. Qxb6 O-O 20. Qb3 Rfc8 21. Qd1 Ra6 22. g4 f6 23. Nh3 hxg4 24. Qxg4 Kf7 25. Qe2 Ra5 26. Rf2 Rh5 27. Re1 Rch8 28. Qg4 Rh4 29. Qg3 Qc6 30. Rfe2 Bc8 31. Nf2 Bf8 32. b3 Qd5 33. Re3 Qf5 34. Rd3 d5 35. Rf3 Bd6 36. Nh3 g5 37. Rff1 gxf4 38. Bxf4 Rxh3 39. gxh3 Rg8 40. Qxg8+ Kxg8 41. Bxd6 Qxh3 42. Re2 Qxc3 43. Rxf6 Qxd4+ 44. Ref2 Qd1+ 45. Kh2 Qh5+ 46. Kg1 Qd1+ 47. Kg2 Qg4+ 48. Kh1 Qd1+ 49. Rf1 Qh5+ 50. Bh2 Bb7 51. Rf8+ Kg7 52. R8f7+ Qxf7 53. Rxf7+ 1/2-1/2

[Event "Letmathe- Dinslaken"]
[Site "?"]
[Date "2023.09.03"]
[Round "1.2"]
[White "Bosch, Jeroen"]
[Black "Sielecki, Christof"]
[Result "1/2-1/2"]
[WhiteElo "2408"]
[BlackElo "2419"]
[PlyCount "55"]
[EventDate "2023.??.??"]

1. e4 c6 2. Nf3 d5 3. d3 dxe4 4. dxe4 Qxd1+ 5. Kxd1 Nf6 6. Nbd2 g6 7. Ne1 h5 8. c3 Bh6 9. f3 Be6 10. Nb3 Bxc1 11. Kxc1 Bxb3 12. axb3 Nbd7 13. h4 a6 14. Kc2 e6 15. b4 Ke7 16. Nd3 Rhc8 17. Ra5 Ne8 18. Be2 Nd6 19. Nc5 Nxc5 20. bxc5 Ne8 21. Ra4 Nf6 22. Rd1 Rd8 23. Rxd8 Kxd8 24. Kd2 Nd7 25. b4 Ke7 26. Ke3 Rd8 27. Ra1 Nf6 28. Rh1 1/2-1/2

[Event "Letmathe- Dinslaken"]
[Site "?"]
[Date "2023.09.03"]
[Round "1.3"]
[White "Welzel, Philipp"]
[Black "Schleining, Zoya"]
[Result "1-0"]
[WhiteElo "2187"]
[BlackElo "2334"]
[PlyCount "65"]
[EventDate "2023.??.??"]

1. d4 Nf6 2. Nf3 c5 3. d5 b5 4. c3 b4 5. Bg5 g6 6. Bxf6 exf6 7. e4 Bg7 8. Bd3 O-O 9. O-O d6 10. cxb4 cxb4 11. Nbd2 Bb7 12. Qa4 a5 13. a3 Na6 14. Nb3 f5 15. Qb5 fxe4 16. Bxe4 Bxb2 17. axb4 Bxa1 18. Qxb7 Bc3 19. b5 Nb4 20. Nbd4 Re8 21. Nc6 Nxc6 22. dxc6 Rxe4 23. c7 Qe8 24. b6 Rb4 25. h3 Qc8 26. Qc6 Ra6 27. Qxd6 Kg7 28. Qc6 Raxb6 29. Qxc3+ Kg8 30. Nd2 Rb7 31. Rc1 Ra7 32. Qe5 a4 33. Qd6 1-0

[Event "Letmathe- Dinslaken"]
[Site "?"]
[Date "2023.09.03"]
[Round "1.4"]
[White "Soukup, Jiri"]
[Black "Ossig, Rainer"]
[Result "1/2-1/2"]
[WhiteElo "2358"]
[BlackElo "2180"]
[PlyCount "47"]
[EventDate "2023.??.??"]

1. c4 c5 2. Nf3 Nf6 3. d4 cxd4 4. Nxd4 e6 5. Nc3 Nc6 6. e4 Bb4 7. Nxc6 dxc6 8. Qxd8+ Kxd8 9. f3 e5 10. Be3 Be6 11. O-O-O+ Kc7 12. Kc2 Rhd8 13. Be2 b6 14. a3 Bxc3 15. Kxc3 c5 16. b4 Rxd1 17. Rxd1 Nd7 18. Rb1 Rc8 19. bxc5 Nxc5 20. Bxc5 bxc5 21. Rb5 Kc6 22. a4 a6 23. Rb2 Kc7 24. a5 1/2-1/2

[Event "Letmathe- Dinslaken"]
[Site "?"]
[Date "2023.09.03"]
[Round "1.5"]
[White "Brockhaus, Philip"]
[Black "Mollema, Thomas"]
[Result "0-1"]
[WhiteElo "1954"]
[BlackElo "2246"]
[PlyCount "72"]
[EventDate "2023.??.??"]

1. e4 e5 2. Nf3 Nf6 3. Nxe5 d6 4. Nf3 Nxe4 5. d4 d5 6. Bd3 Bd6 7. O-O O-O 8. c4 c6 9. Nc3 Re8 10. Re1 Nxc3 11. Rxe8+ Qxe8 12. bxc3 Bg4 13. Be3 dxc4 14. Bxc4 Nd7 15. h3 Bh5 16. g4 Bg6 17. Qb3 b5 18. Bf1 Be4 19. Ng5 Bd5 20. c4 bxc4 21. Bxc4 Nf6 22. Bxd5 cxd5 23. Qb7 Rb8 24. Qxa7 h6 25. Nf3 Qe6 26. Ne5 Rb2 27. Rc1 Bxe5 28. dxe5 Nxg4 29. Qd4 Nxe3 30. Qxe3 Rxa2 31. Rd1 Ra4 32. Qd3 d4 33. Qg3 Rc4 34. Rd3 Rc1+ 35. Kh2 Qd5 36. Rf3 d3 0-1

[Event "Letmathe- Dinslaken"]
[Site "?"]
[Date "2023.09.03"]
[Round "1.6"]
[White "Gruermann, Martin"]
[Black "Riekenbrauk, Joerg"]
[Result "1-0"]
[WhiteElo "2216"]
[BlackElo "1885"]
[PlyCount "137"]
[EventDate "2023.??.??"]

1. e4 Nf6 2. e5 Nd5 3. c4 Nb6 4. c5 Nd5 5. Nc3 e6 6. Bc4 Nxc3 7. bxc3 d5 8. cxd6 cxd6 9. exd6 Bxd6 10. Qh5 Qc7 11. Bb3 O-O 12. Nf3 Nd7 13. O-O Qc5 14. Qh3 Nf6 15. d4 Qh5 16. Qxh5 Nxh5 17. Re1 Nf4 18. Bc2 b6 19. Be4 Rb8 20. Ne5 Bxe5 21. dxe5 Ng6 22. Ba3 Rd8 23. Bd6 Rb7 24. Bxb7 Bxb7 25. g3 Rc8 26. a4 h5 27. Rec1 Bd5 28. c4 Rxc4 29. Rxc4 Bxc4 30. Rc1 b5 31. axb5 Bxb5 32. Rc8+ Kh7 33. Rc7 Nh8 34. Rxa7 Bc6 35. f4 Be4 36. Rc7 Bf5 37. Kf2 Bg4 38. Kg2 Bf5 39. h3 Be4+ 40. Kh2 Bf5 41. Ra7 Kg6 42. Ra8 Kh7 43. Rf8 Be4 44. Bc7 Bf5 45. Bd8 Be4 46. Bg5 Bf5 47. Kg2 Be4+ 48. Kg1 Bf5 49. Kh2 Be4 50. g4 hxg4 51. hxg4 Bb1 52. Kg3 Bc2 53. Bd8 Bd3 54. Kf3 Bc2 55. Ke2 Be4 56. Bg5 Bc2 57. Rc8 Bb1 58. Rc1 Be4 59. Ke3 Bd5 60. f5 Kg8 61. Rc8+ Kh7 62. Rc7 Kg8 63. Rd7 Ba2 64. Rd8+ Kh7 65. Rf8 Bd5 66. f6 Bc6 67. fxg7 Kxg7 68. Rc8 Bd7 69. Bf6+ 1-0

[Event "Letmathe- Dinslaken"]
[Site "?"]
[Date "2023.09.03"]
[Round "1.7"]
[White "Poess, Frank"]
[Black "Pfleger, Sascha"]
[Result "0-1"]
[WhiteElo "2063"]
[BlackElo "2016"]
[PlyCount "56"]
[EventDate "2023.??.??"]

1. d4 Nf6 2. c4 c5 3. Nf3 cxd4 4. Nxd4 b6 5. f3 Bb7 6. e4 d6 7. Nc3 g6 8. Be3 Bg7 9. Qd2 Nbd7 10. Be2 Rc8 11. Bh6 O-O 12. h4 Ne5 13. b3 Nc6 14. Bxg7 Kxg7 15. h5 Nxd4 16. Qxd4 h6 17. hxg6 fxg6 18. Qe3 Nh5 19. Nb5 a6 20. Nd4 Rf6 21. O-O-O e5 22. Nc2 Qc7 23. Rd2 Rh8 24. Kb2 Ng3 25. Rh3 Nh5 26. Rh1 Ng3 27. Rhd1 Rc8 28. Qf2 Nxe4 0-1

[Event "Letmathe- Dinslaken"]
[Site "?"]
[Date "2023.09.03"]
[Round "1.8"]
[White "Heeke, Guido"]
[Black "Raygrotzki, Norbert"]
[Result "1/2-1/2"]
[WhiteElo "1861"]
[BlackElo "1838"]
[PlyCount "56"]
[EventDate "2023.??.??"]

1. c4 c5 2. Nc3 Nc6 3. g3 g6 4. Bg2 Bg7 5. Nf3 e5 6. d3 Nge7 7. O-O O-O 8. Bd2 d6 9. Qc1 Rb8 10. Bh6 Nf5 11. Bxg7 Kxg7 12. e3 a6 13. a4 Nfe7 14. Rd1 Qc7 15. b3 Bg4 16. h3 Bxf3 17. Bxf3 f5 18. Ne2 b5 19. axb5 axb5 20. Bxc6 Nxc6 21. d4 bxc4 22. bxc4 cxd4 23. exd4 Ra8 24. Qc3 Kg8 25. c5 exd4 26. Qc4+ Qf7 27. Qxf7+ Kxf7 28. Rxa8 Rxa8 1/2-1/2

[Event "Solingen 3- Elberfeld"]
[Site "?"]
[Date "2023.09.03"]
[Round "1.1"]
[White "Odendahl, Reiner"]
[Black "Berg, Michael"]
[Result "1/2-1/2"]
[WhiteElo "2300"]
[BlackElo "2322"]
[PlyCount "28"]
[EventDate "2023.??.??"]

1. d4 Nf6 2. c4 g6 3. g3 Bg7 4. Bg2 O-O 5. Nc3 d6 6. Nf3 Nbd7 7. O-O e5 8. h3 Re8 9. e4 a6 10. Be3 b5 11. cxb5 axb5 12. Nxb5 Ba6 13. a4 Bxb5 14. axb5 Rxa1 1/2-1/2

[Event "Solingen 3- Elberfeld"]
[Site "?"]
[Date "2023.09.03"]
[Round "1.2"]
[White "Zolfagharian, Kevin"]
[Black "Ries, Benjamin"]
[Result "1-0"]
[WhiteElo "2212"]
[BlackElo "2257"]
[PlyCount "61"]
[EventDate "2023.??.??"]

1. Nf3 d5 2. g3 Bg4 3. Bg2 Nd7 4. d4 Ngf6 5. O-O e6 6. h3 Bf5 7. c4 c6 8. Qb3 Qb6 9. Nc3 Be7 10. c5 Qxb3 11. axb3 O-O 12. b4 a6 13. Bf4 h6 14. g4 Bh7 15. Nd2 h5 16. g5 Ne8 17. b5 e5 18. bxc6 bxc6 19. Bxe5 Nxe5 20. dxe5 Bxc5 21. Nb3 Ba7 22. Kh1 Nc7 23. Na5 d4 24. Ne4 Rfb8 25. Ra2 Rb6 26. Rc1 Nd5 27. Nxc6 Nf4 28. Nd6 Nxe2 29. Rd1 d3 30. g6 Bxg6 31. Ne7+ 1-0

[Event "Solingen 3- Elberfeld"]
[Site "?"]
[Date "2023.09.03"]
[Round "1.3"]
[White "Dresen, Ulrich"]
[Black "Wickenfeld, Stefan"]
[Result "1-0"]
[WhiteElo "2199"]
[BlackElo "2214"]
[PlyCount "75"]
[EventDate "2023.??.??"]

1. d4 d5 2. Nf3 Nf6 3. c4 c6 4. cxd5 cxd5 5. Nc3 Nc6 6. Bf4 g6 7. e3 Bg7 8. h3 O-O 9. Be2 Qb6 10. a3 Bf5 11. Na4 Qd8 12. O-O Ne4 13. Rc1 h6 14. b4 g5 15. Bh2 Rc8 16. Nc5 Nxc5 17. Rxc5 b6 18. Rc1 Nb8 19. Qb3 Qd7 20. Ne5 Qb7 21. b5 f6 22. Nc6 e6 23. Nxb8 Rxb8 24. Bxb8 Qxb8 25. Rc6 Re8 26. Bh5 Re7 27. Rfc1 Bf8 28. Rc8 Qb7 29. R1c6 Kg7 30. Qc3 Qd7 31. R8c7 Qd8 32. Rxe7+ Bxe7 33. Rc7 Qd6 34. Rxa7 e5 35. Qc6 Kh8 36. Qe8+ Bf8 37. Ra8 exd4 38. Qf7 1-0

[Event "Solingen 3- Elberfeld"]
[Site "?"]
[Date "2023.09.03"]
[Round "1.4"]
[White "Bashylina, Luisa"]
[Black "Tymura, Achim"]
[Result "1-0"]
[WhiteElo "2152"]
[BlackElo "2041"]
[PlyCount "81"]
[EventDate "2023.??.??"]

1. d4 d5 2. c4 e6 3. Nc3 Nf6 4. cxd5 exd5 5. Bg5 Be7 6. e3 O-O 7. Bd3 c6 8. Nge2 Ne4 9. Bf4 Nxc3 10. bxc3 Nd7 11. Qc2 g6 12. O-O Re8 13. f3 Bg5 14. e4 Bxf4 15. Nxf4 dxe4 16. fxe4 Nf8 17. Qf2 Ne6 18. d5 Nxf4 19. Qxf4 Rf8 20. c4 b5 21. Rad1 Ba6 22. cxb5 Qb6+ 23. Kh1 Bxb5 24. d6 f6 25. Qg4 Qd8 26. Qe6+ Kg7 27. d7 Rb8 28. Rf3 Bxd3 29. Rfxd3 Rb6 30. h3 Rf7 31. Rd6 c5 32. e5 Rxd6 33. Rxd6 fxe5 34. Qxe5+ Kg8 35. Qe8+ Rf8 36. Qe6+ Rf7 37. Rd1 Kg7 38. Qe5+ Kg8 39. Qe8+ Rf8 40. Re1 Qh4 41. Qxf8+ 1-0

[Event "Solingen 3- Elberfeld"]
[Site "?"]
[Date "2023.09.03"]
[Round "1.5"]
[White "Neuer, Thomas"]
[Black "Michalczak, Thomas"]
[Result "1/2-1/2"]
[WhiteElo "2099"]
[BlackElo "2200"]
[PlyCount "72"]
[EventDate "2023.??.??"]

1. Nf3 Nf6 2. g3 g6 3. b3 Bg7 4. Bb2 c6 5. Bg2 O-O 6. O-O d5 7. c4 Re8 8. Qc2 Bf5 9. d3 Nbd7 10. Nd4 e5 11. Nxf5 gxf5 12. Nd2 e4 13. Bh3 f4 14. dxe4 dxe4 15. gxf4 Nh5 16. e3 Nc5 17. Bxg7 Kxg7 18. Bf5 Qf6 19. Bg4 Qg6 20. Kh1 Nf6 21. Be2 Kh8 22. Rg1 Qh6 23. Rg5 Ne6 24. Rag1 Nxg5 25. fxg5 Qh4 26. Qc3 Qxf2 27. Rf1 Qxe2 28. Qxf6+ Kg8 29. Qxf7+ Kh8 30. Qf6+ Kg8 31. Qf7+ Kh8 32. g6 hxg6 33. Qf6+ Kh7 34. Qf7+ Kh8 35. Qf6+ Kh7 36. Qf7+ Kh8 1/2-1/2